| 000 | 00552nam a22001577a 4500 | ||
|---|---|---|---|
| 005 | 20250201201838.0 | ||
| 008 | 250201b |||||||| |||| 00| 0 eng d | ||
| 020 | _a9988804067 | ||
| 050 | _aRC86.8 MAN | ||
| 245 |
_aManagement of Accidents and Emergencies/ _bmanual for frontline providers _cMinistry of Health/Ghana Health Service |
||
| 250 | _aSeries 7 | ||
| 260 |
_aKumasi _bNational Health Learning Materials Centre _c2003 |
||
| 300 |
_axv. 17-651p. _bill. _c29.5cm |
||
| 710 | _aMinistry of Health/Ghana Health Service | ||
| 942 |
_2lcc _cBK _eSeries 7 _n0 |
||
| 999 |
_c3368 _d3368 |
||